000 00765nam a22002297a 4500
003 UA-OsUOA
001 104648
007 ta
008 20140123b un ||||| |||| 00| 0 ukr d
090 _a004.42(477):929
_bГ55
942 _cBK
040 _aUA-OsUOA
_bukr
_cUA-OsUOA
_dUA-OsUOA
245 _aВ. М. Глушков. Минуле, що лине у майбутнє
_bдо 90-річчя від дня народження вченого
_cупор. Т. Мар'янович
300 _a290 с.
955 _a1
041 _aukr
080 _a004.42(477):929
020 _a978-966-360-227-1
260 _aК.
_bАкадемперіодика
_c2013
650 7 _a00 Загальні питання науки і культури
_2UDC
999 _c390733
_d390733